000 00657nam a2200229 4500
001 42845
003 BD-RJUL
005 20211209053613.0
008 160616s1970 enka 001 0 eng d
020 _a0714612006
035 _aBD-RJUL42963
040 _aDLC
_cDLC
_dOCL
_dEUX
_beng
041 _aeng
082 _a330.95404
_bAGE 1970
100 1 _aAgarwala, Ramgopal.
_9131631
245 1 3 _aAn econometric model of India, 1948-1961 /
_cR. Agarwala ;
260 _aLondon :
_bCass,
_c1970
300 _axvi, 188 p. :
_bill. ;
_c23 cm
651 0 _aIndia
_xEconomic conditions
_xMathematical models
_9131632
942 _2ddc
_cBK
999 _c42845
_d42845